| 000 | 00687nam a2200241 a 4500 | ||
|---|---|---|---|
| 001 | 43560 | ||
| 003 | BD-RjUL | ||
| 005 | 20211209053721.0 | ||
| 008 | 160625s1964 pk a 000 0 eng | ||
| 035 | _a(BD-RjUL)43678 | ||
| 035 | _a(OCoLC)11172558 | ||
| 040 |
_aDLC _cCoDU _dDLC _beng |
||
| 041 | _aeng | ||
| 082 |
_a332.1095491 _bMEB 1964 |
||
| 100 | 1 |
_aMeenai, S. A. _q(Saeed Ahmed), _d1924- _9133815 |
|
| 245 | 1 | 0 |
_aBanking system of Pakistan / _cby S. A. Meenai. |
| 260 |
_aKarachi : _c1964 |
||
| 300 |
_aiii, 147 p. : _bill. ; _c22 cm. |
||
| 504 | _aBibliography : p. [146]-147. | ||
| 650 | 0 |
_aBanks and banking _zPakistan. _9133816 |
|
| 942 |
_2ddc _cBK |
||
| 999 |
_c43560 _d43560 |
||